书目信息 |
| 题名: |
选控图理论与实践
|
|
| 作者: | 张公绪 著 | |
| 分册: | ||
| 出版信息: | 北京 人民邮电出版社 1984 |
|
| 页数: | 420页 | |
| 开本: | 21cm | |
| 丛书名: | ||
| 单 册: | ||
| 中图分类: | O213.1 | |
| 科图分类: | ||
| 主题词: | 概率论 , 数理统计 , 质量管理--方法 | |
| 电子资源: | ||
| ISBN: | ||
| 000 | 00804nam0 2200265 45 | |
| 001 | 0184013552 | |
| 005 | 20060406152321.40 | |
| 010 | @dCNY2.10 | |
| 091 | @a15045.总2880-有5363 | |
| 100 | @a19950517d1984 emky0chiy0121 ea | |
| 101 | 0 | @achi |
| 102 | @aCN@b110000 | |
| 105 | @ay z 000yy | |
| 200 | 10 | @a选控图理论与实践@Axuan kong tu li lun yu shi jian@e全面质量管理的新方法@f张公绪著@Fzhang gong xu zhu |
| 210 | @a北京@c人民邮电出版社@d1984 | |
| 215 | @a420页@c表格@d21cm | |
| 517 | 1 | @a全面质量管理的新方法@Aquan mian zhi liang guan li de xin fang fa |
| 606 | 0 | @a概率论 |
| 606 | 0 | @a数理统计 |
| 606 | @a质量管理@x方法 | |
| 690 | @aO213.1 | |
| 701 | 0 | @a张公绪@Azhang gong xu@4著 |
| 801 | 2 | @aCN@bNLC@c20060406 |
| 801 | 0 | @aCN@b上海图书馆@c20040520 |
| 905 | @f2@b136100-101@dO213.1@e2 | |
| 选控图理论与实践:全面质量管理的新方法/张公绪著.-北京:人民邮电出版社,1984 |
| 420页:表格;21cm |
| ISBN :CNY2.10 |
| ● |
| 相关链接 |
|
|
|
|
正题名:选控图理论与实践
索取号:O213.1/2
 
预约/预借
| 序号 | 登录号 | 条形码 | 馆藏地/架位号 | 状态 | 备注 |
| 1 | 0136100 | 001442353 | 第三借阅区/ [索取号:O213.1/2] | 在馆 | |
| 2 | 0136101 | 001442326 | 第三借阅区/ [索取号:O213.1/2] | 在馆 | |
| 3 | 0136102 | 202209797 | 密集书库/ [索取号:O213.1/2] | 在馆 |